| 000 | 00860nab a2200241u 4500 | ||
|---|---|---|---|
| 001 | 17861 | ||
| 003 | HDC | ||
| 007 | c| |||a|c|aaaa | ||
| 008 | 210224b20140620my ||||| |||| 00| 0 may d | ||
| 040 | _aHDC | ||
| 100 |
_aMohd Zaky Zainuddin / _eauthor _97645 |
||
| 245 | 0 |
_aRM50 juta bantu pekebun sawit dapat pensijilan MSPO / _cMohd Zaky Zainuddin |
|
| 336 |
_atext _2rdacontent |
||
| 337 |
_acomputer _2rdamedia |
||
| 338 |
_aonline resource _2rdacarrier |
||
| 650 |
_aMalaysian Palm Oil Certification Council (MPOCC) _917035 |
||
| 650 |
_aRSPO - Roundtable on Sustainable Palm Oil _917036 |
||
| 710 | _aBERITA HARIAN | ||
| 856 | _zRequest full-text at [email protected] | ||
| 942 | _2lcc | ||
| 942 | _cNEWS | ||
| 942 | _kNWSC 005039 | ||
| 999 |
_c15177 _d15177 |
||